000
00304nam a2200121Ia 4500
008
240624s9999 xx 000 0 und d
041
_a
eng
082
_a
823 FOL
100
_a
FOLLETT KEN
245
_a
PILLARS OF THE EARTH
260
_c
2007
_a
New Delhi
_b
Pan Books
300
_a
xiv, : 1087 : p. : cm. ; 17
999
_c
28718
_d
28718